Evaluación de los estilos de aprendizaje en estudiantes de odontología de la Corporación Universitaria Rafael Núñez durante el primer periodo academico del año 2021 / (Registro nro. 5624)
[ vista simple ]
| 000 -LEADER | |
|---|---|
| fixed length control field | 02940nam a2200301 4500 |
| 003 - CONTROL NUMBER IDENTIFIER | |
| control field | co-ctgcurn |
| 005 - DATE AND TIME OF LATEST TRANSACTION | |
| control field | 20250329165503.0 |
| 007 - PHYSICAL DESCRIPTION FIXED FIELD--GENERAL INFORMATION | |
| fixed length control field | ta |
| 008 - FIXED-LENGTH DATA ELEMENTS--GENERAL INFORMATION | |
| fixed length control field | 190415s2021 000 0 eng d |
| 040 ## - CATALOGING SOURCE | |
| Original cataloging agency | CO-CtgCURN |
| Language of cataloging | spa |
| Transcribing agency | coctgcurn |
| 082 0# - DEWEY DECIMAL CLASSIFICATION NUMBER | |
| Classification number | ODO 2021 |
| Item number | S572 |
| 100 1# - MAIN ENTRY--PERSONAL NAME | |
| Personal name | Sierra Pérez, Ana María. |
| 245 10 - TITLE STATEMENT | |
| Title | Evaluación de los estilos de aprendizaje en estudiantes de odontología de la Corporación Universitaria Rafael Núñez durante el primer periodo academico del año 2021 / |
| Statement of responsibility, etc. | Ana María Sierra Pérez; Wendy Johana Olivera Torres; Dayanna Milena Cerpa Nevado; Leidy María Cerda Carrillo; co-investigadora Jennifer Orozco Páez; investigadora Roxana Martínez. |
| 260 ## - PUBLICATION, DISTRIBUTION, ETC. | |
| Date of publication, distribution, etc. | 2021. |
| 260 #1 - PUBLICATION, DISTRIBUTION, ETC. | |
| Place of publication, distribution, etc. | Cartagena de Indias : : |
| Name of publisher, distributor, etc. | Corporación Universitaria Rafael Nuñez,, |
| Date of publication, distribution, etc. | 2021. |
| 300 ## - PHYSICAL DESCRIPTION | |
| Extent | 59 hojas. |
| 504 ## - BIBLIOGRAPHY, ETC. NOTE | |
| Bibliography, etc. note | Trabajo de grado (Odontologo).Corporación Universitaria Rafael Núñez. Facultad de Ciencias de Salud. Programa de Odontología, 2021. |
| 520 ## - SUMMARY, ETC. | |
| Summary, etc. | "El aprendizaje es un proceso de adiestramiento mental, que contribuye a desarrollar la imaginación, la memoria y el pensamiento. Este se desarrolla continuamente a lo largo de la vida y está condicionado por aspectos como el comportamiento, la percepción, la motivación , el ambiente, en el cual se desarrolla el individuo , e incluso la genética del mismo ; que en conjunto con las cogniciones, los valores, los sentimientos, el funcionamiento de los hemisferios cerebrales, la capacidad de concentración y memoria ,y las técnicas y estrategias adecuadas de estudio permiten que los procesos de transferencia, autorregulación y las implicaciones para la instrucción ocurran de manera correcta en la memoria. Por lo tanto, son tres grandes factores los que influyen en el aprendizaje: el factor cognitivo, el afectivo-social, el ambiental y de organización de estudio. Por lo tanto, se considera que un estilo de aprendizaje es el estilo cognitivo que un individuo manifiesta cuando se confronta con una tarea de aprendizaje y la forma en la que responde y utiliza los estímulos de su contexto. Cada individuo desarrolla un proceso de aprendizaje diferente de acuerdo a la estructura de sus procesos de pensamiento, por esto los estilos de aprendizaje se han agrupado así: Estilo activo,estilo reflexivo, estilo teórico y estilo pragmático." |
| 650 14 - SUBJECT ADDED ENTRY--TOPICAL TERM | |
| Topical term or geographic name entry element | Odontología |
| Form subdivision | Tesis y disertaciones academicas. |
| 700 1# - ADDED ENTRY--PERSONAL NAME | |
| Personal name | Olivera Torres, Wendy Johana. |
| 700 1# - ADDED ENTRY--PERSONAL NAME | |
| Personal name | Cerpa Nevado, Dayanna Milena. |
| 700 1# - ADDED ENTRY--PERSONAL NAME | |
| Personal name | Cerda Carrillo, Leidy María. |
| 700 1# - ADDED ENTRY--PERSONAL NAME | |
| Personal name | Orozco Páez, Jennifer, |
| Relator term | co-investigadora. |
| 700 1# - ADDED ENTRY--PERSONAL NAME | |
| Personal name | Martínez, Roxana, |
| Relator term | investigadora. |
| 856 ## - ELECTRONIC LOCATION AND ACCESS | |
| Uniform Resource Identifier | <a href="https://unicurn.sharepoint.com/:b:/s/biblioteca/EUUxjv2XCXFClJ0hXDT-2YkBAEqFISS5MWXVB3eDLvoC9w?e=SQ3kb9">https://unicurn.sharepoint.com/:b:/s/biblioteca/EUUxjv2XCXFClJ0hXDT-2YkBAEqFISS5MWXVB3eDLvoC9w?e=SQ3kb9</a> |
| Public note | Click aqui para ver el recurso en texto completo |
| 942 ## - ADDED ENTRY ELEMENTS (KOHA) | |
| Source of classification or shelving scheme | Dewey Decimal Classification |
| Institution code [OBSOLETE] | TG |
| Koha item type | Trabajos de grado |
| Classification part | ODO 2021 |
| Item part | S572 |
| Withdrawn status | Lost status | Source of classification or shelving scheme | Damaged status | Not for loan | Collection | Home library | Current library | Shelving location | Date acquired | Source of acquisition | Cost, normal purchase price | Inventory number | Total checkouts | Full call number | Barcode | Date last seen | Price effective from | Koha item type |
|---|---|---|---|---|---|---|---|---|---|---|---|---|---|---|---|---|---|---|
| Dewey Decimal Classification | Trabajos de grado | Miguel Henríquez Emiliani | Miguel Henríquez Emiliani | Trabajo de grado | 06/01/2021 | El autor | 350000.00 | 023758 | ODO 2021 S572 | 023758 | 03/29/2025 | 03/29/2025 | Libros |